000 00472nam a2200181Ia 4500
001 7773
005 20260306160520.0
008 260306t2003||||xx |||||||||||||| ||spa||
041 _aESP
082 _a361.885
_bP78
100 _aPortocarrero S., Felipe
_eAUT
245 0 _aDe la caridad a la solidaridad:
_bfilantropía y voluntariado en el Perú
260 _c2003
300 _a536 páginas :
_c21 cm.
650 _aGEN
654 _aCAN
942 _cLIB
_dJUS
_fJUS
_2ddc
_n
999 _c7773
_d7773